| 000 | 00956nam a22002657a 4500 | ||
|---|---|---|---|
| 001 | BD-DhSAU 9278 | ||
| 003 | BD-DhSAU | ||
| 005 | 20260122122257.0 | ||
| 008 | 150613b2018 bg a|||| m||| 00| 0 eng d | ||
| 040 | _aBD-DhSAU | ||
| 082 |
_222 _a635 _bSa289 |
||
| 100 |
_aAHMMAD, MD.SAJIB _eRegistration # 16-07165 |
||
| 245 |
_aEffect of ga3 and 4-cpa on growth and yield of brinjal / _bMS thesis |
||
| 260 |
_aSher-e-Bangla Agricultural University : _bDepartment of Horticulture, _c2024. |
||
| 300 |
_aix, 59p. : _bill. ; _c30 cm. |
||
| 500 | _aMS thesis of Department of Horticulture, Faculty of Agriculture, Sher-e-Bangla Agricultural University, Dhaka, Bangladesh | ||
| 504 | _aIncludes bibliographical reference. | ||
| 590 | _aNazmul | ||
| 650 | _aga3 and 4-cpa | ||
| 650 | _abrinjal | ||
| 700 |
_aProf. Dr. Dr. Shormin Choudhury _eSuperviser |
||
| 700 |
_aProf. Dr. Md. Nazrul Islam _eCo-superviser |
||
| 942 |
_2ddc _cTHESIS |
||
| 999 |
_c18205 _d18204 |
||